000 00312nam a2200097Ia 4500
082 _a378.110968|ROOY
245 0 _aFinancial management in education in South Africa
100 _a Van Rooyen, J. W. Pretoria (South Africa), 2013 1st ed
_963061
942 _cBK
008 210817s9999 xx 000 0 und d
999 _c199543
_d199541